[Event "WBX Team tourn."]
[Site "Edmonton CAN"]
[Date "2008.12.13"]
[Round "1"]
[White "Pedersen, Rick"]
[Black "MacKinnon, Keith"]
[Result "0-1"]
[WhiteElo "1906"]
[BlackElo "2077"]
[PlyCount "48"]
[GameId "2160767910285985"]
[EventDate "2008.12.13"]
[EventType "team"]
[EventRounds "5"]
[EventCountry "CAN"]

1. e4 d5 2. exd5 Qxd5 3. Nc3 Qd6 4. Nf3 Nf6 5. d4 c6 6. Be2 Bg4 7. h3 Bh5 8. O-O Nbd7 9. Re1 Bg6 10. Bg5 e6 11. Qd2 Qc7 12. Bf4 Bd6 13. Ne5 O-O-O 14. Bd3 Nd5 15. Nxd5 exd5 16. Re2 Bh5 17. g4 f6 18. Nxd7 Bxf4 19. Qe1 Bg6 20. Nc5 Bxd3 21. Re7 Bh2+ 22. Kg2 Be4+ 23. Qxe4 dxe4 24. Rxc7+ Bxc7 0-1

[Event "WBX Team tourn."]
[Site "Edmonton CAN"]
[Date "2008.12.13"]
[Round "1"]
[White "Zhang, David"]
[Black "Yearwood, Roy"]
[Result "0-1"]
[WhiteElo "1945"]
[BlackElo "2070"]
[PlyCount "48"]
[GameId "2160767910285986"]
[EventDate "2008.12.13"]
[EventType "team"]
[EventRounds "5"]
[EventCountry "CAN"]

1. e4 Nc6 2. Nf3 d6 3. d4 Nf6 4. Bd3 Bg4 5. c3 e5 6. Bb5 Be7 7. d5 a6 8. Ba4 b5 9. dxc6 bxa4 10. Qxa4 O-O 11. Bg5 Qb8 12. b3 Bxf3 13. gxf3 Nd5 14. exd5 Bxg5 15. Qg4 Bh6 16. O-O f5 17. Qh3 a5 18. Na3 Rf6 19. Nc4 Qb5 20. Rad1 Raf8 21. Ne3 Qe2 22. Rfe1 Qxa2 23. Rb1 Bxe3 24. fxe3 Rh6 0-1

[Event "WBX Team tourn."]
[Site "Edmonton CAN"]
[Date "2008.12.13"]
[Round "2"]
[White "Haynes, Nicolas"]
[Black "Pedersen, Rick"]
[Result "1-0"]
[WhiteElo "2224"]
[BlackElo "1906"]
[PlyCount "53"]
[GameId "2160767910285987"]
[EventDate "2008.12.13"]
[EventType "team"]
[EventRounds "5"]
[EventCountry "CAN"]

1. d4 g6 2. e4 Bg7 3. Nc3 d6 4. g3 Nc6 5. Be3 e5 6. dxe5 Nxe5 7. f4 Bg4 8. Qd2 Nf3+ 9. Nxf3 Bxf3 10. Rg1 f5 11. exf5 Qe7 12. Kf2 Be4 13. Nxe4 Qxe4 14. Bd3 Nf6 15. g4 Qd5 16. g5 O-O-O 17. gxf6 Bxf6 18. Be2 Bh4+ 19. Kf1 Qf7 20. Bf3 d5 21. Bd4 Rhf8 22. Bf2 Bf6 23. Qe3 Rfe8 24. Qxa7 d4 25. Qxb7+ Kd7 26. Qc6+ Kc8 27. fxg6 1-0

[Event "WBX Team tourn."]
[Site "Edmonton CAN"]
[Date "2008.12.13"]
[Round "2"]
[White "Lazo Edmund, Jan"]
[Black "Gardner, Robert"]
[Result "0-1"]
[WhiteElo "2061"]
[BlackElo "2257"]
[PlyCount "86"]
[GameId "2160767910285988"]
[EventDate "2008.12.13"]
[EventType "team"]
[EventRounds "5"]
[EventCountry "CAN"]

1. e4 d6 2. d4 Nf6 3. Nc3 g6 4. g3 Bg7 5. Bg2 O-O 6. Nge2 Nbd7 7. O-O c5 8. h3 Rb8 9. a4 b6 10. f4 cxd4 11. Nxd4 Bb7 12. Re1 Nc5 13. Nd5 Ncxe4 14. Bxe4 Nxe4 15. Rxe4 Bxd5 16. Re3 Ba8 17. c3 Qd7 18. Kh2 e5 19. Nb5 exf4 20. gxf4 Qc6 21. Qf1 a6 22. Nd4 Qd5 23. Rd3 Rfe8 24. Be3 Qh5 25. Re1 Re4 26. Nc2 d5 27. Qf2 Rbe8 28. Rg1 Qf5 29. Rg5 Qf6 30. Nb4 Bh6 31. Rg4 a5 32. Nc2 Bb7 33. Kg1 Qc6 34. Rd4 R4e7 35. Rg2 Bg7 36. Rd2 d4 37. Bxd4 Qxg2+ 38. Qxg2 Bxg2 39. Rxg2 Re2 40. Na3 Bxd4+ 41. cxd4 Rxg2+ 42. Kxg2 Re2+ 43. Kg3 Rxb2 0-1

[Event "WBX Team tourn."]
[Site "Edmonton CAN"]
[Date "2008.12.13"]
[Round "3"]
[White "MacKinnon, Keith"]
[Black "Lazo Edmund, Lazo"]
[Result "0-1"]
[WhiteElo "2061"]
[BlackElo "2224"]
[PlyCount "93"]
[GameId "2160767910285989"]
[EventDate "2008.12.13"]
[EventType "team"]
[EventRounds "5"]
[EventCountry "CAN"]

1. e4 d5 2. exd5 Qxd5 3. Nc3 Qa5 4. g3 Nf6 5. Bg2 c6 6. Nge2 g6 7. O-O Bg7 8. d4 O-O 9. a3 Bf5 10. b4 Qc7 11. Bf4 Qd7 12. Qd2 Bh3 13. Rfd1 Bxg2 14. Kxg2 Nd5 15. Ne4 Na6 16. Bh6 f5 17. Bxg7 Kxg7 18. Ng5 Nac7 19. c4 Nf6 20. Qe3 h6 21. Nf3 Ng4 22. Qc3 Nf6 23. Ne5 Qd6 24. f3 e6 25. Rd3 Rad8 26. Nf4 g5 27. c5 Qe7 28. Nfg6 Qe8 29. Nxf8 Kxf8 30. Re1 Nfd5 31. Qd2 f4 32. Qc2 Kg7 33. Qe2 Ne3+ 34. Rxe3 fxe3 35. Qxe3 Nb5 36. Rd1 Qf8 37. a4 Nc7 38. Qe4 Qf6 39. b5 Nd5 40. Rc1 Rc8 41. bxc6 bxc6 42. Rb1 Rc7 43. Rb8 Qf5 44. a5 Qf6 45. a6 Nc3 46. Qd3 Nb5 47. Nxc6 0-1

[Event "WBX Team tourn."]
[Site "Edmonton CAN"]
[Date "2008.12.13"]
[Round "3"]
[White "Pedersen, Rick"]
[Black "Porper, Edward"]
[Result "0-1"]
[WhiteElo "1906"]
[BlackElo "2468"]
[PlyCount "48"]
[GameId "2160767910285990"]
[EventDate "2008.12.13"]
[EventType "team"]
[EventRounds "5"]
[EventCountry "CAN"]

1. e4 d6 2. d4 Nf6 3. Nc3 e5 4. Nf3 Nbd7 5. h3 Be7 6. Be3 c6 7. Qd2 O-O 8. Rd1 b5 9. Bd3 Bb7 10. dxe5 dxe5 11. a3 Qc7 12. O-O a6 13. b4 Rfe8 14. Ne1 Rad8 15. f3 c5 16. Nd5 Bxd5 17. exd5 Nxd5 18. c3 N7f6 19. Qc1 Nxe3 20. Qxe3 c4 21. Bc2 Rxd1 22. Bxd1 Nd5 23. Qc1 Qb6+ 24. Rf2 Bh4 0-1

[Event "WBX Team tourn."]
[Site "Edmonton CAN"]
[Date "2008.12.14"]
[Round "4"]
[White "Lazo Edmund, Jan"]
[Black "Pedersen, Rick"]
[Result "1-0"]
[WhiteElo "2061"]
[BlackElo "1906"]
[PlyCount "65"]
[GameId "2160767910285991"]
[EventDate "2008.12.13"]
[EventType "team"]
[EventRounds "5"]
[EventCountry "CAN"]

1. e4 d6 2. d4 Nf6 3. f3 g6 4. c4 Bg7 5. Nc3 O-O 6. Be3 c5 7. d5 e6 8. dxe6 fxe6 9. Qd2 Qb6 10. O-O-O Rd8 11. h4 Nc6 12. g4 h5 13. Bg5 hxg4 14. h5 Nd4 15. h6 Bh8 16. h7+ Kf7 17. fxg4 Rf8 18. Qf2 Ke8 19. Bxf6 Rxf6 20. Qxf6 Bxf6 21. h8=Q+ Bxh8 22. Rxh8+ Kd7 23. Bd3 Kc6 24. Rf1 Qc7 25. e5 Qg7 26. Rff8 Qxe5 27. Be4+ Kb6 28. Nf3 Ne2+ 29. Kd2 Qg3 30. Nxe2 Qxg4 31. Rf4 Qg2 32. Rh2 Qf1 33. Ne1 1-0

[Event "WBX Team tourn."]
[Site "Edmonton CAN"]
[Date "2008.12.14"]
[Round "5"]
[White "Haynes, Nicolas"]
[Black "Zhang, David"]
[Result "1-0"]
[WhiteElo "2224"]
[BlackElo "1945"]
[PlyCount "67"]
[GameId "2160767910285992"]
[EventDate "2008.12.13"]
[EventType "team"]
[EventRounds "5"]
[EventCountry "CAN"]

1. e4 c6 2. d3 d5 3. Nd2 dxe4 4. dxe4 e5 5. Ngf3 Bd6 6. Nc4 Bb4+ 7. c3 Qxd1+ 8. Kxd1 Bc5 9. Nfxe5 Nf6 10. f3 O-O 11. Kc2 Be6 12. Nd3 Bb6 13. Nxb6 axb6 14. b3 Na6 15. Be3 Rfd8 16. Bxb6 Rd7 17. Nf4 Kf8 18. Nxe6+ fxe6 19. a4 Nh5 20. g3 e5 21. Bc4 Ke7 22. Rad1 Nf6 23. Be3 Nc7 24. Bc5+ Ke8 25. Rxd7 Nxd7 26. Be3 Na6 27. b4 c5 28. Bb5 Rc8 29. bxc5 Naxc5 30. Bxc5 Rxc5 31. Rd1 Rc7 32. Rd5 Ke7 33. Bxd7 Rxd7 34. Rxe5+ 1-0

[Event "WBX Team tourn."]
[Site "Edmonton CAN"]
[Date "2008.12.14"]
[Round "5"]
[White "Pedersen, Rick"]
[Black "Sasata, Robert"]
[Result "0-1"]
[WhiteElo "1906"]
[BlackElo "2374"]
[PlyCount "89"]
[GameId "2160767910285993"]
[EventDate "2008.12.13"]
[EventType "team"]
[EventRounds "5"]
[EventCountry "CAN"]

1. e4 c5 2. Nf3 d6 3. d4 cxd4 4. Nxd4 Nf6 5. Nc3 g6 6. Bc4 Bg7 7. O-O O-O 8. Bb3 Nc6 9. Nxc6 bxc6 10. Bg5 a5 11. Qf3 Nd7 12. Qe3 Ba6 13. Rfd1 Ne5 14. f3 Re8 15. h4 Rb8 16. Qf2 Nc4 17. Rab1 Qc7 18. h5 h6 19. Bc1 g5 20. Ne2 Qb6 21. c3 Ne5 22. Be3 Qc7 23. Bc2 e6 24. b3 c5 25. c4 Bb7 26. Bd2 Nc6 27. Bc3 Red8 28. Bxg7 Kxg7 29. Rd2 e5 30. Bd3 Ra8 31. Nc3 Nd4 32. Nd5 Bxd5 33. exd5 Rf8 34. g4 Qd7 35. Qe3 Ra7 36. Rf1 a4 37. Rb2 Qb7 38. Rfb1 axb3 39. Qe4 f5 40. gxf5 Kf6 41. axb3 Qb4 42. Kg2 Ra3 43. Bc2 Qd2+ 44. Kg3 Ne2+ 45. Kg4 0-1

[Event "Winnipeg February Sect-A"]
[Site "Winnipeg CAN"]
[Date "2008.02.08"]
[Round "1"]
[White "Bince, Rolando"]
[Black "Kaptsan, Aron"]
[Result "0-1"]
[WhiteElo "1924"]
[BlackElo "2006"]
[PlyCount "187"]
[GameId "2160767910413547"]
[EventDate "2008.02.10"]
[EventType "tourn"]
[EventRounds "5"]
[EventCountry "CAN"]
[SourceTitle "EXT 2019"]
[Source "ChessBase"]
[SourceDate "2018.10.10"]
[SourceVersion "1"]
[SourceVersionDate "2018.10.10"]
[SourceQuality "1"]

1. Nf3 d5 2. d4 Nf6 3. c4 e6 4. Nc3 Bb4 5. Bg5 h6 6. Bh4 c5 7. e3 Qa5 8. Bxf6 Bxc3+ 9. bxc3 Qxc3+ 10. Nd2 gxf6 11. cxd5 O-O 12. Rc1 Qa3 13. Rxc5 Nd7 14. Rc2 exd5 15. Qh5 Kg7 16. Nb3 Nb6 17. Bd3 Qb4+ 18. Nd2 Be6 19. O-O Rfc8 20. Nb3 Rxc2 21. Bxc2 Nd7 22. e4 Qd6 23. Re1 Rc8 24. Qe2 dxe4 25. Qxe4 f5 26. Qd3 b6 27. g4 fxg4 28. Qh7+ Kf6 29. Qxh6+ Ke7 30. Bf5 Nf8 31. Qg5+ Kd7 32. Qxg4 Kc7 33. Rc1+ Kb8 34. Rxc8+ Kxc8 35. Qe4 Kc7 36. Qc2+ Kd8 37. Qe4 Kc7 38. h4 Bxf5 39. Qxf5 Qe7 40. Qf4+ Kc6 41. Qf3+ Kb5 42. h5 a5 43. Qd3+ Kb4 44. Nd2 Qg5+ 45. Kf1 Qd5 46. a3+ Ka4 47. Ne4 Qxh5 48. Nc3+ Kxa3 49. Nd5+ Kb2 50. Qc3+ Ka2 51. Qc2+ Ka3 52. Qc3+ Ka2 53. Ne3 Qb5+ 54. Kg2 Qb3 55. Qd2+ Ka3 56. Nc2+ Ka4 57. d5 Qc4 58. Ne3 Qb4 59. Qa2+ Kb5 60. Qe2+ Kc5 61. Qc2+ Kd4 62. Qc6 Qc5 63. Qf6+ Kd3 64. Qxf7 a4 65. Qf5+ Kd2 66. Nf1+ Kc3 67. Qe5+ Kb4 68. Qf4+ Ka5 69. Qd2+ Qb4 70. Qd3 a3 71. Ne3 a2 72. Nc2 Qb2 73. Qd2+ Ka4 74. Qf4+ Kb5 75. Nd4+ Kc4 76. Nc2+ Kxd5 77. Qf5+ Kc6 78. Qe4+ Kc7 79. Qf4+ Kb7 80. Qe4+ Kc7 81. Qf4+ Kd7 82. Qf7+ Kc6 83. Qf3+ Kb5 84. Qd5+ Ka4 85. Qc4+ Ka5 86. Qd5+ b5 87. Qa8+ Kb6 88. Qd8+ Kc6 89. Qc8+ Kd5 90. Ne3+ Ke4 91. Qg4+ Kd3 92. Qd1+ Kc3 93. Qe1+ Kb3 94. Qd1+ 0-1

[Event "Winnipeg February Sect-A"]
[Site "Winnipeg CAN"]
[Date "2008.02.08"]
[Round "1"]
[White "Boron, Anthony"]
[Black "Khedkar, Jay S"]
[Result "0-1"]
[WhiteElo "2060"]
[BlackElo "1874"]
[PlyCount "80"]
[GameId "2160767910413548"]
[EventDate "2008.02.10"]
[EventType "tourn"]
[EventRounds "5"]
[EventCountry "CAN"]
[SourceTitle "EXT 2019"]
[Source "ChessBase"]
[SourceDate "2018.10.10"]
[SourceVersion "1"]
[SourceVersionDate "2018.10.10"]
[SourceQuality "1"]

1. d4 d5 2. Bf4 Nf6 3. e3 Bf5 4. c4 c6 5. Bd3 Bxd3 6. Qxd3 e6 7. Ne2 Bd6 8. Nbc3 O-O 9. O-O Nh5 10. Bxd6 Qxd6 11. Rfd1 f5 12. f4 Nd7 13. c5 Qe7 14. Ng3 Nxg3 15. hxg3 Nf6 16. Kf2 g5 17. Rh1 Qg7 18. Rh3 Kf7 19. Rah1 Rh8 20. Ke2 h5 21. Kd2 h4 22. fxg5 Qxg5 23. Qe2 Rhg8 24. Rxh4 Qxg3 25. R1h2 Rg7 26. R4h3 Qg5 27. Kc2 Ng4 28. Rg3 f4 29. Qxg4 fxg3 30. Qxg5 Rxg5 31. Rh7+ Kg6 32. Rxb7 Rf8 33. Ne2 Kf5 34. Re7 Kf6 35. Rxa7 e5 36. Rc7 Kf5 37. Rxc6 Ke4 38. Kd2 Rf2 39. Rh6 Rxg2 40. Rh4+ Kf3 0-1

[Event "Winnipeg February Sect-A"]
[Site "Winnipeg CAN"]
[Date "2008.02.08"]
[Round "1"]
[White "Cleto, Sam"]
[Black "Liu, Weixi"]
[Result "1/2-1/2"]
[WhiteElo "1879"]
[BlackElo "1905"]
[PlyCount "76"]
[GameId "2160767910413549"]
[EventDate "2008.02.10"]
[EventType "tourn"]
[EventRounds "5"]
[EventCountry "CAN"]
[SourceTitle "EXT 2019"]
[Source "ChessBase"]
[SourceDate "2018.10.10"]
[SourceVersion "1"]
[SourceVersionDate "2018.10.10"]
[SourceQuality "1"]

1. Nf3 d5 2. d4 Nf6 3. c4 c6 4. Nc3 e6 5. e3 Be7 6. Qc2 O-O 7. Bd3 dxc4 8. Bxc4 c5 9. dxc5 Bxc5 10. O-O a6 11. b3 Nbd7 12. Bb2 b5 13. Bd3 Bb7 14. e4 h6 15. Rad1 Rc8 16. Qe2 Qb6 17. Rd2 Rfd8 18. Nd1 Bb4 19. Rc2 Nc5 20. Bxf6 gxf6 21. Nb2 Nxd3 22. Rxc8 Rxc8 23. Nxd3 Be7 24. Nf4 Kh7 25. Nh4 Qc5 26. Nd3 Qg5 27. g3 Rg8 28. Ng2 f5 29. h4 Qf6 30. e5 Qg7 31. Ndf4 Qf8 32. Rc1 Qd8 33. Rd1 Qc7 34. Qh5 Rg7 35. Qe2 Qc6 36. Kh2 Bc5 37. Rc1 Qb6 38. Rf1 Qc6 1/2-1/2

[Event "Winnipeg February Sect-A"]
[Site "Winnipeg CAN"]
[Date "2008.02.09"]
[Round "2"]
[White "Bince, Rolando"]
[Black "Cleto, Sam"]
[Result "0-1"]
[WhiteElo "1924"]
[BlackElo "1879"]
[PlyCount "58"]
[GameId "2160767910413550"]
[EventDate "2008.02.10"]
[EventType "tourn"]
[EventRounds "5"]
[EventCountry "CAN"]
[SourceTitle "EXT 2019"]
[Source "ChessBase"]
[SourceDate "2018.10.10"]
[SourceVersion "1"]
[SourceVersionDate "2018.10.10"]
[SourceQuality "1"]

1. d4 Nf6 2. Nf3 h6 3. c4 e6 4. Nc3 Bb4 5. a3 Bxc3+ 6. bxc3 b6 7. e3 Bb7 8. Bd3 Nc6 9. O-O Ne7 10. Re1 Ne4 11. Qc2 f5 12. Nd2 Nxd2 13. Bxd2 O-O 14. f3 Qe8 15. e4 Qh5 16. d5 f4 17. Rab1 Ng6 18. Bc1 Ne5 19. Rf1 Ba6 20. Qa4 Nxd3 21. Qxa6 c6 22. Qa4 Kh8 23. Qd1 Ne5 24. Rb4 a5 25. Ra4 Qe8 26. Qb3 Qe7 27. Bd2 Qh4 28. Be1 Qe7 29. h3 Rf6 0-1

[Event "Winnipeg February Sect-A"]
[Site "Winnipeg CAN"]
[Date "2008.02.09"]
[Round "2"]
[White "Kaptsan, Aron"]
[Black "Khedkar, Jay S"]
[Result "1-0"]
[WhiteElo "2006"]
[BlackElo "1874"]
[PlyCount "129"]
[GameId "2160767910413551"]
[EventDate "2008.02.10"]
[EventType "tourn"]
[EventRounds "5"]
[EventCountry "CAN"]
[SourceTitle "EXT 2019"]
[Source "ChessBase"]
[SourceDate "2018.10.10"]
[SourceVersion "1"]
[SourceVersionDate "2018.10.10"]
[SourceQuality "1"]

1. e4 e5 2. Bc4 Nf6 3. Qe2 Nc6 4. c3 d6 5. h3 Be7 6. Bb3 O-O 7. d3 Nd7 8. Be3 Bg5 9. Nf3 Bxe3 10. fxe3 Nc5 11. Bc2 f5 12. exf5 Bxf5 13. e4 Bg6 14. Nbd2 Kh8 15. O-O Ne6 16. Nc4 Nf4 17. Qd1 Ne7 18. Ne3 c6 19. Qd2 Ng8 20. Bb3 Qe7 21. Rae1 Nf6 22. Nh4 N6h5 23. Nxg6+ hxg6 24. Rf3 Qh4 25. Kh2 Nxd3 26. Ref1 Rxf3 27. Rxf3 Nhf4 28. Rg3 Rf8 29. Ng4 d5 30. Rxd3 Nxd3 31. Qxd3 Qe1 32. Qg3 Qxg3+ 33. Kxg3 dxe4 34. Nxe5 Rf6 35. Ng4 Rd6 36. Kf4 Rd2 37. Ne3 Kh7 38. Kxe4 Kh6 39. Kf3 Rxb2 40. Nc4 Rb1 41. Na5 c5 42. c4 b6 43. Nc6 a6 44. Nb8 b5 45. Nxa6 bxc4 46. Bxc4 Rc1 47. Bd5 c4 48. Ke3 Rc2 49. a4 Kg5 50. Be4 Ra2 51. Nc5 c3 52. Kd3 Kf4 53. Kxc3 Rxa4 54. Nxa4 Kxe4 55. Kd2 Kf4 56. Ke2 Kg3 57. Kf1 g5 58. Nc5 g4 59. hxg4 Kxg4 60. Kf2 g5 61. Nd3 Kh4 62. Kf3 Kh5 63. Kg3 Kg6 64. Kg4 Kf6 65. Ne1 1-0

[Event "Winnipeg February Sect-A"]
[Site "Winnipeg CAN"]
[Date "2008.02.09"]
[Round "2"]
[White "Liu, Weixi"]
[Black "Boron, Anthony"]
[Result "1-0"]
[WhiteElo "1905"]
[BlackElo "2060"]
[PlyCount "109"]
[GameId "2160767910413552"]
[EventDate "2008.02.10"]
[EventType "tourn"]
[EventRounds "5"]
[EventCountry "CAN"]
[SourceTitle "EXT 2019"]
[Source "ChessBase"]
[SourceDate "2018.10.10"]
[SourceVersion "1"]
[SourceVersionDate "2018.10.10"]
[SourceQuality "1"]

1. d4 d5 2. c4 e6 3. Nf3 Nf6 4. Nc3 c6 5. Bg5 Nbd7 6. cxd5 exd5 7. e3 Qa5 8. Qc2 Ne4 9. Bd3 Nxg5 10. Nxg5 h6 11. Nf3 Nf6 12. O-O Be7 13. h3 Be6 14. Rab1 O-O 15. a3 Rac8 16. b4 Qc7 17. Rfc1 a5 18. bxa5 Bxa3 19. Nb5 Qxa5 20. Nxa3 Qxa3 21. Rxb7 Nd7 22. Rb3 Qa8 23. Rc3 c5 24. dxc5 Nxc5 25. Bf5 Bxf5 26. Qxf5 Ne6 27. Rxc8 Rxc8 28. Rxc8+ Qxc8 29. Qxd5 Qc1+ 30. Kh2 Qc7+ 31. Qe5 Qc2 32. Nd4 Qc7 33. Qg3 Qxg3+ 34. Kxg3 Nc5 35. f3 Kf8 36. e4 Nd3 37. f4 Ke7 38. Kf3 h5 39. e5 g6 40. g3 Nc5 41. h4 f6 42. g4 hxg4+ 43. Kxg4 Nd3 44. e6 Nf2+ 45. Kf3 Nd3 46. Ke4 Nf2+ 47. Kd5 Nd3 48. f5 g5 49. hxg5 fxg5 50. Nc6+ Kf8 51. Ne5 Nf4+ 52. Kd6 Nh5 53. Ng4 Ng7 54. f6 Nf5+ 55. Kd7 1-0

[Event "Winnipeg February Sect-A"]
[Site "Winnipeg CAN"]
[Date "2008.02.09"]
[Round "3"]
[White "Boron, Anthony"]
[Black "Bince, Rolando"]
[Result "1/2-1/2"]
[WhiteElo "2060"]
[BlackElo "1924"]
[PlyCount "75"]
[GameId "2160767910413553"]
[EventDate "2008.02.10"]
[EventType "tourn"]
[EventRounds "5"]
[EventCountry "CAN"]
[SourceTitle "EXT 2019"]
[Source "ChessBase"]
[SourceDate "2018.10.10"]
[SourceVersion "1"]
[SourceVersionDate "2018.10.10"]
[SourceQuality "1"]

1. Nf3 c5 2. b3 Nc6 3. Bb2 d6 4. e3 e5 5. Nc3 Nf6 6. d4 cxd4 7. exd4 exd4 8. Nxd4 Be7 9. Bb5 Bd7 10. O-O O-O 11. Re1 a6 12. Nxc6 bxc6 13. Bd3 d5 14. a3 Be6 15. Qe2 Bd6 16. g3 Re8 17. Qf1 Qd7 18. Bxa6 Bh3 19. Rxe8+ Rxe8 20. Qd3 Ng4 21. Na4 Qa7 22. Qd4 Qxd4 23. Bxd4 Ne5 24. Bxe5 Rxe5 25. f4 Re7 26. Bd3 g6 27. Kf2 Kf8 28. Kf3 h5 29. Kf2 Ra7 30. Ke2 Ke8 31. Kd2 Kd8 32. c4 Be6 33. c5 Be7 34. Bc2 Bf6 35. Re1 Bg4 36. Rf1 Bh3 37. Re1 Bd4 38. Bd3 1/2-1/2

[Event "Winnipeg February Sect-A"]
[Site "Winnipeg CAN"]
[Date "2008.02.09"]
[Round "3"]
[White "Cleto, Sam"]
[Black "Kaptsan, Aron"]
[Result "1-0"]
[WhiteElo "1879"]
[BlackElo "2006"]
[PlyCount "69"]
[GameId "2160767910413554"]
[EventDate "2008.02.10"]
[EventType "tourn"]
[EventRounds "5"]
[EventCountry "CAN"]
[SourceTitle "EXT 2019"]
[Source "ChessBase"]
[SourceDate "2018.10.10"]
[SourceVersion "1"]
[SourceVersionDate "2018.10.10"]
[SourceQuality "1"]

1. Nf3 Nf6 2. h3 c5 3. d4 cxd4 4. Nxd4 d5 5. Bf4 Nc6 6. e3 Qb6 7. Nxc6 bxc6 8. Be5 Ne4 9. Bd3 Nc5 10. O-O Nxd3 11. cxd3 f6 12. Bc3 g6 13. Nd2 Bg7 14. Nb3 O-O 15. Bd4 Qc7 16. Bc5 Re8 17. Rc1 e5 18. Qd2 Bd7 19. Na5 Reb8 20. b4 Bf8 21. Nb3 Bxc5 22. Nxc5 Be8 23. Na6 Qb6 24. Nxb8 Rxb8 25. a3 Bd7 26. Rc5 Bc8 27. Rfc1 Bb7 28. e4 dxe4 29. Qa2+ Kg7 30. dxe4 Rd8 31. Qe6 Rd4 32. Qe7+ Kh6 33. Qxf6 Rxe4 34. Qf8+ Kg5 35. R5c3 1-0

[Event "Winnipeg February Sect-A"]
[Site "Winnipeg CAN"]
[Date "2008.02.10"]
[Round "4"]
[White "Bince, Rolando"]
[Black "Khedkar, Jay S"]
[Result "1-0"]
[WhiteElo "1924"]
[BlackElo "1874"]
[PlyCount "59"]
[GameId "2160767910413555"]
[EventDate "2008.02.10"]
[EventType "tourn"]
[EventRounds "5"]
[EventCountry "CAN"]
[SourceTitle "EXT 2019"]
[Source "ChessBase"]
[SourceDate "2018.10.10"]
[SourceVersion "1"]
[SourceVersionDate "2018.10.10"]
[SourceQuality "1"]

1. Nf3 Nf6 2. d4 d5 3. c4 e6 4. Nc3 Nbd7 5. Bg5 c6 6. e4 dxe4 7. Nxe4 Be7 8. Nxf6+ Bxf6 9. Qd2 O-O 10. Bd3 e5 11. Bxf6 Qxf6 12. O-O exd4 13. Qc2 g6 14. Rfe1 Nc5 15. b4 Nxd3 16. Qxd3 Rd8 17. Re5 Bg4 18. Rae1 Bxf3 19. gxf3 Rd7 20. R1e4 Rad8 21. a4 Rd6 22. f4 Re6 23. Rxd4 Rxd4 24. Qxd4 Rd6 25. Qe3 Rd7 26. Kg2 Kg7 27. Qc3 b6 28. Kg3 Kf8 29. Re8+ Kg7 30. Rg8+ 1-0

[Event "Winnipeg February Sect-A"]
[Site "Winnipeg CAN"]
[Date "2008.02.10"]
[Round "4"]
[White "Cleto, Sam"]
[Black "Boron, Anthony"]
[Result "1/2-1/2"]
[WhiteElo "1879"]
[BlackElo "2060"]
[PlyCount "63"]
[GameId "2160767910413556"]
[EventDate "2008.02.10"]
[EventType "tourn"]
[EventRounds "5"]
[EventCountry "CAN"]
[SourceTitle "EXT 2019"]
[Source "ChessBase"]
[SourceDate "2018.10.10"]
[SourceVersion "1"]
[SourceVersionDate "2018.10.10"]
[SourceQuality "1"]

1. e4 c5 2. Nf3 e6 3. d4 cxd4 4. Nxd4 Nf6 5. Nc3 Nc6 6. Be3 Bb4 7. Bd3 d5 8. O-O Bxc3 9. bxc3 dxe4 10. Bb5 Bd7 11. Qe2 O-O 12. Rfd1 Nxd4 13. Rxd4 Bxb5 14. Qxb5 Qe7 15. Bg5 Rfd8 16. Rxe4 a6 17. Qe5 Rac8 18. Rd4 Rxd4 19. cxd4 h6 20. Bxf6 Qxf6 21. Qxf6 gxf6 22. Rc1 Rc3 23. Kf1 Ra3 24. Ra1 Ra4 25. c3 Ra3 26. c4 Rd3 27. Ke2 Rxd4 28. Rc1 Kf8 29. Ke3 e5 30. Rc2 Ke7 31. Rb2 Rd7 32. Rb6 1/2-1/2

[Event "Winnipeg February Sect-A"]
[Site "Winnipeg CAN"]
[Date "2008.02.10"]
[Round "4"]
[White "Kaptsan, Aron"]
[Black "Liu, Weixi"]
[Result "1/2-1/2"]
[WhiteElo "2006"]
[BlackElo "1905"]
[PlyCount "98"]
[GameId "2160767910413557"]
[EventDate "2008.02.10"]
[EventType "tourn"]
[EventRounds "5"]
[EventCountry "CAN"]
[SourceTitle "EXT 2019"]
[Source "ChessBase"]
[SourceDate "2018.10.10"]
[SourceVersion "1"]
[SourceVersionDate "2018.10.10"]
[SourceQuality "1"]

1. e4 e6 2. d4 d5 3. Nd2 Nc6 4. Ngf3 Nf6 5. e5 Nd7 6. Nb3 a5 7. a4 b6 8. c3 Be7 9. Bd3 Ba6 10. Bxa6 Rxa6 11. h4 Ra8 12. Ng5 h6 13. Nf3 Na7 14. Bf4 c5 15. h5 Rc8 16. Rh3 Nc6 17. Rg3 Bf8 18. Qe2 cxd4 19. cxd4 Nb4 20. Rc1 Rxc1+ 21. Nxc1 Qc7 22. Qd2 Qc6 23. b3 Qxc1+ 24. Qxc1 Nd3+ 25. Kd1 Nxc1 26. Kxc1 Ba3+ 27. Kb1 Kf8 28. Ne1 Nb8 29. Rc3 g5 30. hxg6 fxg6 31. Rc8+ Kg7 32. Rxh8 Kxh8 33. Bxh6 Nc6 34. Be3 Kg7 35. Nc2 Be7 36. Kc1 g5 37. g4 Kg6 38. Kd2 Bb4+ 39. Kd3 Bf8 40. Bc1 Nb4+ 41. Nxb4 Bxb4 42. Bd2 Be7 43. b4 Bd8 44. Ke2 Kh6 45. Kf3 Kg6 46. Kg3 Kf7 47. bxa5 bxa5 48. f4 Kg6 49. fxg5 Bb6 1/2-1/2

[Event "Winnipeg February Sect-A"]
[Site "Winnipeg CAN"]
[Date "2008.02.10"]
[Round "5"]
[White "Boron, Anthony"]
[Black "Kaptsan, Aron"]
[Result "1/2-1/2"]
[WhiteElo "2060"]
[BlackElo "2006"]
[PlyCount "28"]
[GameId "2160767910413558"]
[EventDate "2008.02.10"]
[EventType "tourn"]
[EventRounds "5"]
[EventCountry "CAN"]
[SourceTitle "EXT 2019"]
[Source "ChessBase"]
[SourceDate "2018.10.10"]
[SourceVersion "1"]
[SourceVersionDate "2018.10.10"]
[SourceQuality "1"]

1. Nf3 Nf6 2. b3 g6 3. Bb2 Bg7 4. g3 O-O 5. Bg2 d6 6. d4 c6 7. O-O Nbd7 8. c4 Re8 9. Nc3 Qc7 10. Rc1 e5 11. e3 Nf8 12. Qd2 Bg4 13. d5 c5 14. e4 a6 1/2-1/2

[Event "Winnipeg February Sect-A"]
[Site "Winnipeg CAN"]
[Date "2008.02.10"]
[Round "5"]
[White "Khedkar, Jay S"]
[Black "Cleto, Sam"]
[Result "1/2-1/2"]
[WhiteElo "1874"]
[BlackElo "1879"]
[PlyCount "133"]
[GameId "2160767910413559"]
[EventDate "2008.02.10"]
[EventType "tourn"]
[EventRounds "5"]
[EventCountry "CAN"]
[SourceTitle "EXT 2019"]
[Source "ChessBase"]
[SourceDate "2018.10.10"]
[SourceVersion "1"]
[SourceVersionDate "2018.10.10"]
[SourceQuality "1"]

1. e4 g6 2. d4 Bg7 3. Nc3 a6 4. f4 d6 5. Nf3 Nf6 6. Bd3 O-O 7. O-O b5 8. Ne2 c5 9. c3 Bg4 10. h3 Bxf3 11. Rxf3 c4 12. Bc2 Nh5 13. Be3 Nd7 14. g4 Nhf6 15. Ng3 Qc7 16. g5 Ne8 17. h4 e5 18. f5 f6 19. Qd2 Rd8 20. Qh2 Rf7 21. Raf1 Nf8 22. d5 Rdd7 23. Qh3 Bh8 24. Kf2 Rde7 25. Rg1 Qd7 26. Ke2 Bg7 27. Nh5 gxh5 28. g6 Nxg6 29. fxg6 hxg6 30. Rxg6 Qxh3 31. Rxh3 Kh7 32. Rg2 Bh6 33. Bd1 Rg7 34. Rhg3 Rxg3 35. Rxg3 Bf4 36. Rg2 Bxe3 37. Kxe3 Kh6 38. Rg8 Ng7 39. Rd8 Ne8 40. Ra8 f5 41. Rxa6 f4+ 42. Kf2 Rg7 43. Rb6 Nf6 44. Rxd6 Rg6 45. Rc6 Nxe4+ 46. Kf3 Nd6 47. Rxd6 Rxd6 48. Ke4 Kg6 49. Kxe5 Rd8 50. Bf3 Re8+ 51. Kxf4 Re1 52. d6 Kf6 53. Bc6 b4 54. cxb4 Rb1 55. Ke4 Rxb2 56. Kd4 Rxa2 57. Kxc4 Ke6 58. d7 Ke7 59. b5 Kd8 60. b6 Rb2 61. Bb5 Rd2 62. Kc5 Rc2+ 63. Kd6 Rd2+ 64. Kc6 Rc2+ 65. Kb7 Ra2 66. Ba6 Kxd7 67. Bb5+ 1/2-1/2